| 000 | 00434nam a22001337a 4500 | ||
|---|---|---|---|
| 082 | _aMS-PhD-IT BAR | ||
| 100 |
_a Barkha javed _9106029 |
||
| 245 | _a Resoource Brokering in a cloud Environment using a Multi-Agent System | ||
| 260 |
_a Islamabad _bNUST SEECS _c2013 |
||
| 300 |
_a 81 P _eCD-Rom |
||
| 500 | _aSupervisors; Dr. Peter Bloodsworth | ||
| 856 | _uhttp://10.250.8.41:8080/xmlui/handle/123456789/31303 | ||
| 942 |
_cPR _2ddc |
||
| 999 |
_c12284 _d12284 |
||